最大的相邻省级行政区序列 Largest-Bordering-Province Sequence - Statistics

General Stats
  • This quiz has been taken 51 times
  • The average score is 32 of 34
Answers on the Map
Answers color-coded by a green-red scale on the quiz's map according to % correct below.
 
Answer Stats
省级行政区 % Correct
新疆维吾尔自治区
100%
西藏自治区
100%
青海省
100%
四川省
100%
甘肃省
100%
内蒙古自治区
100%
黑龙江省
100%
吉林省
100%
辽宁省
100%
河北省
100%
河南省
100%
陕西省
100%
湖北省
100%
湖南省
100%
广西壮族自治区
100%
云南省
100%
贵州省
98%
重庆市
98%
广东省
95%
江西省
95%
安徽省
95%
山东省
95%
江苏省
95%
浙江省
95%
福建省
95%
上海市
95%
香港特别行政区
86%
澳门特别行政区
84%
山西省
82%
宁夏回族自治区
77%
北京市
77%
天津市
77%
台湾省
77%
海南省
75%
No matching quizzes found
Score Distribution
Percent of People with Each Score
Percentile by Number Answered
Your Score History
You have not taken this quiz